| 000 | 00690nam a2200253Ia 4500 | ||
|---|---|---|---|
| 003 | OSt | ||
| 005 | 20221006160413.0 | ||
| 006 | a|||||r|||| 00| 0 | ||
| 007 | ta | ||
| 008 | 221006b |||||||| |||| 00| 0 chi d | ||
| 024 | _a45,148 | ||
| 037 | _cSeries Articles | ||
| 040 |
_aEASL _cEASL _bchi |
||
| 041 |
_2chi _achi |
||
| 100 |
_aLi Shi _9673332 |
||
| 245 | 0 |
_aDistribution of houshold incomin China _binquality, poverty and policies |
|
| 260 |
_aUK _bCambridge Univesity Press UK _c2013 |
||
| 300 |
_a1-41 _ccm. |
||
| 490 | _v217 | ||
| 650 | _aChina | ||
| 700 |
_a Sicular Terry _9673333 |
||
| 942 |
_cREF _2CC |
||
| 999 |
_c1113240 _d1113240 |
||